00936nam a2200205 a 450000100100000000500170001000800410002704000250006808200150009311100540010824500790016226000350024149000180027670000360029471000610033083000250039195201130041695201840052999900170071300002536620251120073732.0110215s1988 dr r 000 0 spa d aDO-SdBNPbspacBNPHU axxxxbxxxx2 aSeminariod(29-sept., 1987cSanto Domingo)95194013aEl sector privado y el control de cambios /ccompilador Andrés Dauhajre. aSanto Domingo :bPUCMM,c1988.1 aEstudiosv1271 aDauhajre, Andrésecomp.960002 aPontificia Universidad Católica Madre y Maestra 9843 0aEstudiosn127951941 0010718PDaPDbPDcHDd2011-02-15iLF1l0oxxxx xxxxp25366-10r2020-06-25w2020-06-25yLFPDZNo se presta 0010718PDaPDbPDcHDd2019-07-02iLF1l0oxxxx xxxxp25366-20r2020-06-25te.2w2020-06-25yLFPDzPerteneció a la biblioteca personal de la familia Reyes Duluc.ZNo se presta c24858d24858